| 000 | 00720cab a2200253 4500 | ||
|---|---|---|---|
| 001 | ABS58995 | ||
| 008 | 090401t1998 xxu||||| |||| 00| 0 eng d | ||
| 035 | _a(Sirsi) u87732 | ||
| 041 | _aeng | ||
| 100 | _aCook, A. | ||
| 245 | _aLiquid asset | ||
| 260 | _c1998 | ||
| 350 | _a0 | ||
| 490 |
_aBuilding _v263(8048) 17 July 1998, 62-63(2) |
||
| 520 | _aExamines how a ponded roof can provide a cooling system for a building. Considers evaporation rates, cost and avoiding roof overload. | ||
| 650 | _aCOOLING SYSTEMS | ||
| 650 | _aCOST | ||
| 650 | _aFLAT ROOFS | ||
| 650 | _aPONDED ROOFS | ||
| 650 | _aTHERMAL SHEAR | ||
| 690 | _aBUILT ENVIRONMENT-CONSTRUCTION DESIGN | ||
| 942 | _n0 | ||
| 948 | _c29/07/1998 | ||
| 999 |
_c55352 _d55352 |
||